000
00269nam a2200109Ia 4500
008
200302s9999 xx 000 0 und d
100
_a
Harbhajan Singh
245
_a
Construction Project Management
260
_b
Abhishek Publications
260
_c
2011
300
_a
157 P.,
999
_c
3276
_d
3276